| 000 | 00653nam a2200217 a 4500 | ||
|---|---|---|---|
| 005 | 20240924070647.0 | ||
| 008 | 060224s1992 mx r 000 0 spa d | ||
| 020 | _a8434411075 | ||
| 035 | _aUPN01000142696 | ||
| 049 | _aCG | ||
| 050 | 4 |
_aCB428 _bS4.2 |
|
| 100 | 1 | _aSebreli, Juan José | |
| 245 | 1 | 3 |
_aEl asedio a la modernidad : _bcrítica del relativismo cultural / _cJuan José Sebreli. |
| 260 |
_aBarcelona, Esp. : _bAriel, _c1992. |
||
| 300 | _a377 p. | ||
| 440 | 0 |
_aAriel ; _v110 |
|
| 650 | 4 |
_aCivilización moderna _ySiglo XX _97470 |
|
| 650 | 4 |
_aFilosofía moderna _ySiglo XX _98108 |
|
| 650 | 4 |
_aHistoria _xFilosofía _96938 |
|
| 905 | _aLibro | ||
| 999 |
_c114843 _d114843 |
||